000 01075cam a2200253 a 4500
001 000006438
005 20200929153930.0
008 950414s1993 ag a c f001 0 spa
020 _a9500000172
040 _aDO-SdBNP
_bspa
_cBNPHU
082 _a982.001
_bA691t
110 1 _aArgentina.
_bMinisterio de Cultura y Educación de la Nación
_bSecretaría de Cultura de la Nación.
_917866
245 1 0 _aGente de la tierra :
_bel aporte indígena a la identidad nacional. /
_cprólogo de José María Castiñeira de Dios.
246 1 0 _aAporte indigena a la identidad nacional
260 _aBuenos Aires :
_bSecretaría de Cultura de la Nación,
_c1993.
300 _a80 p. :
_bill. ;
_c20 cm.
500 _aCatálogo de una exposición.
650 4 _aIndios de sur américa
_zArgentina
_xExhibición
_917867
650 4 _aIndígenas de argentina
_917868
650 4 _aArgentina
_xHistoria
_917869
700 1 _aCastiñeira de Dios, José María
_eprol.
_917870
710 1 _aBiblioteca Nacional (Argentina).
_917871
710 1 _aSecretaría de Estado de Cultura (Argentina).
_917872
999 _c6233
_d6233